000 00688nam a2200193 a 4500
005 20230606112151.0
008 050516s2000 mx r 000 0 spa d
020 _a9706283005
035 _aUPN01000138658
049 _aCG
050 4 _aHB3532 M4.9
_bE8.2
245 0 0 _aEscenarios demográficos y urbanos de la zona metropolitana de la Ciudad de México, 1990-2010 :
_bsíntesis.
260 _aMéxico :
_bCONAPO,
_c2000.
300 _a172 p. :
_bcuadros, mapas, gráfs.
440 0 _aEstudios regionales
650 4 _aDemografía
_zCiudad de México
_zÁrea metropolitana
_919863
651 4 _aCiudad de México
_zÁrea metropolitana
_xPoblación
_vEstadística
_919864
905 _aLibro
999 _c110806
_d110806